000
00257nam a22001217a 4500
008
181019b xxu||||| |||| 00| 0 eng d
041
_a
eng
080
_a
370
100
_a
48
101
_a
edu
245
_a
College Handbook
_c
Marius.R
942
_2
udc
_c
BK
999
_c
50171
_d
50171